000 00241nam a2200097Ia 4500
005 20250424112823.0
008 250424s9999 xx 000 0 und d
300 _av. , 134 p. ; 30 cm.
650 _aBusiness--Nigeria--Periodicals.
942 _cSR
999 _c37324
_d37324